Cultural ecology of folk houses : (Record no. 91405)

MARC details
000 -LEADER
fixed length control field 00737nam a22002177a 4500
005 - DATE AND TIME OF LATEST TRANSACTION
control field 20150319143746.0
010 ## - LCCN (DPL NO)
LC control number ENG-112170
020 ## - INTERNATIONAL STANDARD BOOK NUMBER
International Standard Book Number 9788174877758
Terms of availability 350.00
020 ## - INTERNATIONAL STANDARD BOOK NUMBER
International Standard Book Number 8174877754
Terms of availability 350.00
035 ## - SYSTEM CONTROL NUMBER
System control number EN-95702
037 ## - SOURCE OF ACQUISITION
Source of stock number/acquisition DBAD/PUB
082 ## - DEWEY DECIMAL CLASSIFICATION NUMBER
Classification number 728.095452
100 ## - MAIN ENTRY--PERSONAL NAME
Personal name Pawar, R.S.
245 ## - TITLE STATEMENT
Title Cultural ecology of folk houses :
Statement of responsibility, etc by R.S. Pawar [and] Vidushi Sharma
Remainder of title a case study of Beas Basin of Himachal Pradesh /
260 ## - PUBLICATION, DISTRIBUTION, ETC. (IMPRINT)
Place of publication, distribution, etc New Delhi
Name of publisher, distributor, etc Radha Publications
Date of publication, distribution, etc 2012
270 ## - ADDRESS
Address 4231/1, Ansari Road, Daryaganj
City New Delhi
Postal code 110002
300 ## - PHYSICAL DESCRIPTION
Extent 149p. :
Dimensions 22cm(Hb)
Other physical details ill.,maps
500 ## - GENERAL NOTE
General note Includes bibliographical references
700 ## - ADDED ENTRY--PERSONAL NAME
Personal name Sharma, Vidushi
942 ## - ADDED ENTRY ELEMENTS (KOHA)
Source of classification or shelving scheme Dewey Decimal Classification
Item type English Books
Call number suffix PAW
Classification part 728.095452
Holdings
Withdrawn status Lost status Not for loan Collection code Home library Current library Date acquired Source of acquisition Cost, normal purchase price Full call number Barcode Copy number Cost, replacement price Koha item type
    Not For Loan Non-fiction D.B.Act.Division D.B.Act.Division 13/02/2015 DBAD/PUB 350.00 728.095452 PAW EN-95702 1 350.00 English Books

© Delhi Public Library
Hit Counter
free hit counter